Comunicación en terapia familiar sistémica: bosquejo de una epistemologia cibernética
Bewaard in:
| Hoofdauteur: | |
|---|---|
| Formaat: | Boek |
| Taal: | Spaans |
| Gepubliceerd in: |
Valparaíso
Universidad de Valparaíso
1995
|
| Onderwerpen: | |
| Tags: |
Voeg label toe
Geen labels, Wees de eerste die dit record labelt!
|
MARC
| LEADER | 00000nam a2200000 a 4500 | ||
|---|---|---|---|
| 001 | UCI9786 | ||
| 003 | CL-VaPUC | ||
| 008 | 081212e19950000CL |||||||||||||||||spa|d | ||
| 020 | |a 9562140091 | ||
| 082 | 0 | 4 | |a 616.89156 |b DEM |2 21 |
| 100 | 0 | |a Demicheli Montecinos, Guido |e author |9 533720 | |
| 245 | 1 | 0 | |a Comunicación en terapia familiar sistémica: bosquejo de una epistemologia cibernética |
| 300 | |a 142 p | ||
| 942 | |c BK | ||
| 945 | |d 20081212 00:00:00 |a rbrito | ||
| 260 | |a Valparaíso |b Universidad de Valparaíso |c 1995 | ||
| 650 | 0 | |a Terapia familiar |9 312193 | |
| 650 | 0 | |a Psicoterapia familiar |9 310747 | |
| 650 | 7 | |a COMUNICACION HUMANA |2 CL-VaPUC |9 373516 | |
| 583 | |a last modification |c 20081212 00:00:00 |k Rodrigo Vera | ||
| 999 | |c 332253 |d 332251 | ||
| 952 | |0 0 |1 0 |4 0 |6 616_891560000000000_DEM_1995 |7 0 |8 A |9 419775 |a BIBGIM |b BIBGIM |d 2019-11-22 |i 4503678 |o 616.89156 DEM 1995 |p 4503678 |r 2025-01-15 |w 2019-11-22 |y BK |k SSL | ||
| 952 | |0 0 |1 0 |4 0 |6 616_891560000000000_DEM_1995 |7 0 |8 A |9 419776 |a BIBGIM |b BIBGIM |d 2019-11-22 |i 4503686 |o 616.89156 DEM 1995 |p 4503686 |r 2025-01-15 |w 2019-11-22 |y BK |k SSL | ||
| 952 | |0 0 |1 0 |4 0 |6 616_891560000000000_DEM_1995 |7 0 |8 A |9 419777 |a BIBGIM |b BIBGIM |d 2019-11-22 |i 3785564 |o 616.89156 DEM 1995 |p 3785564 |r 2025-01-15 |w 2019-11-22 |y BK |k SSL | ||